000
00327pab a2200145 454500
008
180718b1999 xxu||||| |||| 00| 0 eng d
100
_a
Tewari, D.N.
245
_a
Medical plants for health care
260
_c
1999
300
_a
p.8-11,17
362
_a
Jun
650
_a
Health services
773
_a
Yojana
909
_a
41036
999
_c
41036
_d
41036